Estadísticas para Países del mundo (sprint 5 minutos)

Haz click aquí para intentar la prueba.

Estadísticas generales

  • Esta prueba ha sido intentada 1.426 veces
  • La puntuación promedio es 113 de 197

Estadísticas de respuestas

HintRespuesta% Correcto
Argentina
86%
Alemania
85%
Canadá
85%
España
84%
Brasil
83%
Andorra
82%
Estados Unidos
82%
Francia
82%
China
81%
México
81%
Colombia
80%
Australia
79%
Chile
79%
Bolivia
78%
Rusia
78%
Peru
76%
Austria
75%
Cuba
75%
Honduras
75%
Japón
75%
Portugal
75%
Bélgica
74%
Belice
74%
Estonia
74%
Noruega
74%
Suecia
74%
Ecuador
73%
Finlandia
73%
Grecia
73%
India
73%
Italia
73%
Paraguay
73%
Irlanda
72%
Suiza
72%
Uruguay
72%
Albania
71%
Croacia
71%
Haití
71%
Argelia
70%
Egipto
70%
Panamá
70%
Costa Rica
69%
Islandia
69%
Jamaica
69%
Letonia
69%
Lituania
69%
Venezuela
69%
Guatemala
68%
Irán
68%
Chipre
67%
Irak
67%
Nicaragua
67%
Polonia
67%
Armenia
66%
Bulgaria
66%
Eslovenia
66%
Países Bajos
66%
Surinam
66%
Afganistán
65%
Hungría
65%
Reino Unido
65%
Guyana
64%
Malta
64%
Mónaco
64%
Serbia
64%
Ucrania
64%
Arabia Saudita
63%
Bután
63%
Dinamarca
63%
El Salvador
63%
Eslovaquia
63%
Israel
63%
Pakistán
63%
Angola
62%
Bosnia y Hezergovina
62%
Corea del Sur
62%
Laos
62%
Libia
62%
Rumanía
62%
Antigua y Barbuda
61%
Bahamas
61%
Corea del Norte
61%
Indonesia
61%
Vaticano
61%
Barbados
60%
Dominica
60%
Fiyi
60%
Macedonia
60%
Marruecos
60%
Omán
60%
Brunei
59%
Chad
59%
Luxemburgo
59%
Moldavia
59%
Vietnam
59%
Bielorrusia
58%
Montenegro
58%
Nepal
58%
San Marino
58%
Catar
57%
Georgia
57%
Kosovo
57%
Mongolia
57%
Nueva Zelanda
57%
Siria
57%
Tailandia
57%
Camboya
56%
Jordania
56%
Líbano
56%
República Democrática del Congo
56%
Sudáfrica
56%
Sudán
56%
Túnez
56%
Filipinas
55%
República del Congo
55%
Turquía
55%
Yemen
55%
Etíopia
54%
Granada
54%
Níger
54%
Baréin
53%
República Checa
53%
Eritrea
52%
Guinea
52%
Kuwait
52%
Madagascar
52%
Malasia
52%
Kenia
51%
Malí
51%
Nauru
51%
República Dominicana
51%
Bangladés
50%
Ghana
50%
Namibia
49%
Nigeria
49%
Santa Lucía
49%
Taiwán
49%
Trinidad y Tobago
49%
Benin
48%
Burundi
48%
Gambia
48%
Mozambique
48%
Samoa
48%
Somalia
48%
Zambia
48%
Camerún
47%
Comoras
47%
Gabón
47%
Kazajistán
47%
Lesoto
47%
Liechtenstein
47%
Mauritania
47%
Palaos
47%
Singapur
47%
Tuvalu
47%
San Cristóbal y Nieves
46%
San Vicente y las Granadinas
46%
Togo
46%
Botsuana
45%
Maldivas
45%
Micronesia
45%
Senegal
45%
Tonga
45%
Birmania
44%
Kiribati
44%
Liberia
44%
Malawi
44%
Mauricio
44%
Sri Lanka
44%
Vanuatu
44%
Azerbaiyán
43%
Kirguistán
43%
Sudán del Sur
43%
Tanzania
43%
Uzbekistán
43%
Zimbabue
43%
Cabo Verde
42%
Ruanda
42%
Turkmenistán
42%
Uganda
42%
Yibuti
40%
Emiratos Arabes Unidos
39%
Seychelles
39%
Tayikistán
39%
Costa de Marfil
38%
Santo Tomé y Principe
38%
Islas Salomón
36%
Burkina Faso
35%
Islas Marshall
35%
Sierra Leona
32%
Papúa Nueva Guinea
31%
Timor Oriental
31%
Suazilandia
30%
Guinea Ecuatorial
29%
Guinea Bisau
26%
República Centroafricana
26%
Palestina
15%

Distribución de puntuación

Porcentaje por número respondido

Porcentaje de gente con cada puntuación

Historial de tus puntuaciones

No has intentado esta prueba.